| 000 | 00531nam a2200217Ia 4500 | ||
|---|---|---|---|
| 003 | OSt | ||
| 005 | 20220927114449.0 | ||
| 006 | a|||||r|||| 00| 0 | ||
| 007 | ta | ||
| 008 | 220926b |||||||| |||| 00| 0 eng d | ||
| 024 | _a149387 | ||
| 037 | _cTextbook | ||
| 040 |
_aRTL _cRTL _beng |
||
| 041 |
_2eng _aeng |
||
| 082 | _a"Y, L3/TD" | ||
| 100 |
_aHAM Eniyouing _9388790 |
||
| 245 | 0 | _aUrbanization and Asian lifestyles | |
| 260 | _c1973 | ||
| 942 |
_h"Y, L3/TD" _cCC |
||
| 999 |
_c704706 _d704706 |
||